000 00898nam a2200277 i 4500
001 125469
003 ES-MaACL
005 20250910183111.0
007 t|
008 070613s1956 sp ||||1| spa d
020 _a84-7226-499-8
080 _a811.134.1'35
100 1 _aMarvá, Jeroni.
_978575
245 1 0 _aExercicis de gramática catalana /
_cJeroni Marvá ; revisió per Pompeu Fabra.
250 _anova edició.
260 _aBarcelona :
_bEditorial Barcino,
_c1956.
300 _a78 p. ;
_c17 cm.
490 1 _aCollecció popular Barcino ;
_vvol.24
500 _aBiblioteca Jacinto Martínez Lacalle.
505 8 _aContiene: vol. I: Ortografía
650 4 _aLengua catalana-
_xGramática.
_914105
700 1 _aFabra, Pompeu.
_948525
830 0 _aCol·lecció popular Barcino
_vvol.24
_9229864
852 _aES-MaACL
_jE-11679
_bR.139677
999 _c125469
_d125469